000
00320nam a2200145Ia 4500
100
_a
Productivity Development Team
650
_a
TPM
942
_c
BK
245
_a
TPM for every operator
260
_b
Production Pres Inc
_c
1992
082
_a
658
_b
PDT
300
_a
123
546
_a
ENGLISH
_c
Info.Tech
999
_c
26852
_d
26852